Регионална библиотека "Любен Каравелов" - Русе

Личният бележник (тефтерчето) на Васил Левски : 1871-1872 България и Влашко : разчетен текст (Запис номер 490328)

MARC детайли
000 -Лидер
Контролно поле с фиксирана дължина 01958aam a2200325 a 4500
003 - Код на организацията, давaща контролен номер
Контролно поле BLK
005 - Дата и час на последна редакция
Контролно поле 20240209110300.0
008 - Елементи от данни с фиксирана дължина
fixed length control field 230328b bul||||| |||| 00| 0 bul d
020 ## - Международен стандартен номер на книга ISBN
Международен стандартен номер на книга ISBN 9789543987450
Поясняваща информация (подв., във футляр)
040 ## - Източник на каталожния запис
Идентификатор на билиотеката - собственик на записа BLK
041 ## - Код за език
Код за езика на текст/звукозапис или на отделно заглавие Български
Код за езика КДБФ Български
080 ## - УДК
Текстов определител УДК Националноосвободителното движение в България (1856-1877)
УДК код - определител по УДК 94(497.2)"1856/1877"
УДК определител (092)
УДК - код + определител 94(497.2)"1856/1877"(092)
080 ## - УДК
Текстов определител УДК Васил Иванов Кунчев, известен и като Апостола на свободата, идеолог и организатор на българската национална революция, национален герой
УДК код - определител по УДК 929 Левски, Васил
УДК - код + определител 92 Левски, Васил
139 ## - Редно поле
Редна дума Левски, Васил
Авторски знак Левс - Л 36
245 ## - Сведения за заглавието
Заглавие Личният бележник (тефтерчето) на Васил Левски : 1871-1872 България и Влашко : разчетен текст
Редно поле (дума) Васил Левски
250 ## - Област на изданието
Сведения за изданието 4. изд.
257 ## - Страна на издаване
Страна на създаване/издаване България
260 ## - Област на издателските данни
Място на издаване, разпространение и проч. София
Име на издателя, разпространителя и проч. Труд
Година на издаване 2022
9 (RLIN) 209481
Печатница ([София] : Образование и наука)
300 ## - Физическа характеристика
Страници [12], 132 с.
Размери/Мащаб 16 см
380 ## - Жанр
Жанр История
500 ## - Общи забележки
Забележка Възприетата форма на името на състав. Тодорка Томова е Дора Милчова Томова. - Археографски бележки: с. 117-131. - Посвещава се на 180-годишнината от рождението на Васил Левски.
650 #7 - Допълнително описание по предмет – тема
Основно описание – тема или топоним Левски, Васил
9 (RLIN) 160171
700 ## - Други автори (авторска отговорност)
9 (RLIN) 268169
Лично име Нушев, Цветолюб Христов
Автороска отговорност (Описва отношението между автора и произведението) състав.
700 ## - Други автори (авторска отговорност)
9 (RLIN) 297232
Лично име Томова, Тодорка Милчова
Автороска отговорност (Описва отношението между автора и произведението) състав.
852 ## - Местоположение
Форматна сигнатура Цб І 37514
Фондова буква Хранилище
852 ## - Местоположение
Форматна сигнатура Цб І 42490
Фондова буква Хранилище
856 ## - Електронен адрес и достъп
Инструкция (цена за достъп) 0.00
Права за достъп disable
942 ## - АРТИКУЛИ
Вид на библиотечния материал Книги
Източник на класификационната схема Universal Decimal Classification
Скрит в OPAC Не
Периодичен библиозапис Да
Koha issues (borrowed), all copies 2
944 ## - СЪЗДАВАНЕ И РЕДАКЦИЯ на ЗАПИСА
Дата на регистрацията/редакция 2023-07-07
Служител, извършил регистрацията/редакцията 30537
Статус, дата на статуса Грета Цуфелде
999 ## - СИСТЕМНИ КОНТРОЛНИ НОМЕРА
Koha biblionumber 490328
Koha biblioitemnumber 490328
Наличности
Код за отписване Код за изгубен артикул Източник на класификационната схема Код за повреда Коз за рестрикции Код за отдаване Артикулен № Име на библиотеката - собственик Име на библиотеката, в която се намира в момента Статус (Текущо местоположение) Дата на вписване в системата Местоположение - отдел Цена в лева Инвентарен номер Систематично азбучна сигнатура Баркод Цена в евро Служебен тип на артикула
  Не е изгубен Universal Decimal Classification Не е повреден без рестрикции заемане за дома 925794 Регионална библиотека "Любен Каравелов" Русе Регионална библиотека "Любен Каравелов" Русе Детски отдел 2023-03-29 Детски отдел 15.00 120000885107 ДН 949.72/Л 36 В 120000885107 7.67 Книги
  Не е изгубен Universal Decimal Classification Не е повреден без рестрикции заемане за дома 925795 Регионална библиотека "Любен Каравелов" Русе Регионална библиотека "Любен Каравелов" Русе Детски отдел 2023-03-29 Детски отдел 15.00 120000885106 ДН 949.72/Л 36 В 120000885106 7.67 Книги
  Не е изгубен Universal Decimal Classification Не е повреден само за читалня ползва се в читалня 930048 Регионална библиотека "Любен Каравелов" Русе Регионална библиотека "Любен Каравелов" Русе Хранилище 2023-07-14 Хранилище 19.99 120000889460 Цб І 42490 120000889460 10.22 Книги
Vip Innovations Ltd, Rousse, Bulgaria 2025